[Event "Barcelona Sants op-A18th"]
[Site "Barcelona"]
[Date "2016.08.27"]
[Round "9"]
[White "Rios Gomez, Cristhian Camilo"]
[Black "Brochet, Philippe"]
[Result "0-1"]
[WhiteElo "2490"]
[BlackElo "2401"]
[PlyCount "92"]
[EventDate "2016.08.19"]
[EventType "swiss"]
[EventRounds "10"]
[EventCountry "ESP"]
[SourceTitle "EXT 2017"]
[Source "ChessBase"]
[SourceDate "2016.10.25"]
[SourceVersion "1"]
[SourceVersionDate "2016.10.25"]
[SourceQuality "1"]

1. d4 d5 2. c4 dxc4 3. Nf3 Nf6 4. e3 Bg4 5. Bxc4 e6 6. Qb3 Bxf3 7. gxf3 c5 8. Qxb7 Nbd7 9. Nc3 cxd4 10. exd4 Be7 11. Bf4 0-0 12. Bc7 Qe8 13. 0-0-0 Nb6 14. Bb5 Qc8 15. Bc6 Nfd5 16. Nxd5 Nxd5 17. Qxa8 Qxc7 18. Qb7 Rc8 19. Qxc7 Rxc7 20. Kb1 Rxc6 21. Rc1 Rc7 22. Rxc7 Nxc7 23. Rc1 Bd6 24. h3 Kf8 25. b4 Nb5 26. a4 Nxd4 27. b5 Ke7 28. Rc4 Nxf3 29. Kc2 Kd7 30. a5 Bc7 31. Ra4 Kc8 32. Kd3 Kb7 33. Kc4 Nd2+ 34. Kc3 Nf3 35. Kc4 Ne5+ 36. Kd4 g5 37. Ra3 h5 38. Ra2 h4 39. Rc2 g4 40. hxg4 h3 41. Ke4 h2 42. Rc1 f5+ 43. gxf5 exf5+ 44. Kxf5 Nd3 45. Rf1 Nxf2 46. b6 Bxb6 0-1

[Event "Barcelona Sants op-A18th"]
[Site "Barcelona"]
[Date "2016.08.24"]
[Round "6"]
[White "Brochet, Philippe"]
[Black "Movsziszian, Karen"]
[Result "0-1"]
[WhiteElo "2401"]
[BlackElo "2495"]
[PlyCount "34"]
[EventDate "2016.08.19"]
[EventType "swiss"]
[EventRounds "10"]
[EventCountry "ESP"]
[SourceTitle "CBM 174 Extra"]
[Source "ChessBase"]
[SourceDate "2016.10.10"]
[SourceVersion "1"]
[SourceVersionDate "2016.10.10"]
[SourceQuality "1"]

1. e4 g6 2. d4 Bg7 3. Nf3 d6 4. Nc3 a6 5. a4 b6 6. Bc4 e6 7. 0-0 Nd7 8. d5 e5 9. Bg5 Ne7 10. Qd2 h6 11. Bh4 0-0 12. Rae1 g5 13. Bg3 f5 14. exf5 Nxf5 15. Qe2 g4 16. Nd2 h5 17. b4 h4 0-1

[Event "Barcelona Sants op-A18th"]
[Site "Barcelona"]
[Date "2016.08.21"]
[Round "3"]
[White "Timofeev, Artyom"]
[Black "Brochet, Philippe"]
[Result "1-0"]
[WhiteElo "2596"]
[BlackElo "2401"]
[PlyCount "63"]
[EventDate "2016.08.19"]
[EventType "swiss"]
[EventRounds "10"]
[EventCountry "ESP"]
[SourceTitle "CBM 174 Extra"]
[Source "ChessBase"]
[SourceDate "2016.10.10"]
[SourceVersion "1"]
[SourceVersionDate "2016.10.10"]
[SourceQuality "1"]

1. e4 c6 2. Nf3 d5 3. Nc3 Nf6 4. e5 Ne4 5. Be2 g6 6. 0-0 Bg7 7. d4 Nxc3 8. bxc3 0-0 9. h3 c5 10. Be3 c4 11. Qd2 Re8 12. Bh6 Bh8 13. Rfe1 Nc6 14. Bf1 Qa5 15. a4 Nd8 16. g4 Bd7 17. Bg2 Bxa4 18. Ng5 e6 19. f4 Bg7 20. Bxg7 Kxg7 21. f5 h6 22. Nf3 b5 23. Rf1 Qc7 24. Nh4 gxf5 25. gxf5 Kh7 26. fxe6 fxe6 27. Rf6 Nf7 28. Raf1 Ng5 29. Rxh6+ Kxh6 30. Rf6+ Kh7 31. Qxg5 Qg7 32. Rg6 1-0